Responses for National College Championship game #14 - Thursday, February 17, 2022

2022 National College Championship semifinal game 2.

Contestants

[<< previous game]

Stephen Privat, a junior at Louisiana State University in Baton Rouge, Louisiana

Isaac Applebaum, a junior at Stanford University in Palo Alto, California

Lauren Rodriguez, a senior at Pomona College in Claremont, California

[next game >>]

Jeopardy! Round responses

CONSTITUTIONAL AMENDMENTS
THE CROP REPORT
CHECK OUT MY RIDE!
PLAYING THE PERCENTAGES
MOVIE SUM-UP
A LITTLE BODY ENGLISH
    $200 25
the First Amendment

Lauren :)
    $200 29
Idaho

Stephen
    $200 28
a sidecar

Lauren :)
    $200 27
the One Percent

Isaac
    $200 2
The Martian

Stephen
    $200 26
head over heels

Isaac
    $400 13
(Stephen: What is the Sixth?)

the Fifth Amendment

Lauren :)Stephen
    $400 24
cotton

Lauren :)
    $400 23
a buggy

Stephen
    $400 7
Ivory soap

Triple Stumper
    $400 1
(Isaac: What is The Matrix?)
[NOTE: The clue included the exclamation-point-semicolon combination as shown.]

Free Guy

Isaac
Triple Stumper
    $400 3
break a leg

Isaac
    $800 11
search & seizure

Isaac
    $600 18
a canal

Triple Stumper
    $600 20
(Stephen: What's a convertible?)

a hybrid

Stephen
Triple Stumper
    $600 8
Parks and Recreation

Lauren :)
    $600 10
Avatar

Isaac
    $600 4
(Isaac: What is pay the piper?)

face the music

Lauren :)Isaac
    $800 12
the Nineteenth

Lauren :)
    $800 19
barley

Stephen
    $800 21
a dump truck

Stephen
    $800 9
(Lauren: What is success?)
(Isaac: What is invention?)

genius

Lauren :)Isaac
Triple Stumper
    $800 16
Bad Moms

Lauren :)
    $800 5
the nose (or the chin)

Lauren :)
    $1000 14
(Lauren: What is fair and speedy?)
(Isaac: What are free and fair?)

speedy & public

Lauren :)Isaac
Triple Stumper
    $1000 30
Ruth

Triple Stumper
    $1000 22
Helios

Isaac
    $1000 15
[ERRATUM: The title of the book and movie was The Seven-Per-Cent Solution (with two hyphens).]

Sherlock Holmes

Triple Stumper
    $1000 17
A League of Their Own

Isaac
    $1000 6
(Lauren: What are tiptoes?)

the shoulders of giants

Lauren :)Isaac

Scores at the first commercial break (after clue 15):

Lauren :) Isaac Stephen
$400 $0 -$200

Scores at the end of the Jeopardy! Round:

Lauren :) Isaac Stephen
$2,000 $2,400 $1,400

Double Jeopardy! Round responses

MILLENNIALS
GEN "Z"
NONFICTION
TV FINALES
ON ITS BORDER
NIGHTTIME NEWS WITH WORLD NEWS NOW
(Andrew Dymburt: I'm Andrew Dymburt.) (Mona Kosar Abdi: And I'm Mona Kosar Abdi from ABC's World News Now.) (Andrew: A lot happens in the U.S. and around the world at night.) (Mona: We cover it all, and today, we have clues about nighttime news in history.)
    $400 20
(Isaac: Who is Prince Harry?)
(Lauren: Who is Prince George?)
(Stephen: Who is Prince Charles?)
(Mayim: Sorry, no. You three have covered the first, third, and sixth in line, but the correct response is [*].)

Prince William

Lauren :)IsaacStephen
Triple Stumper
    $400 16
(Mayim: Yes, and now we can't get enough of it.)

Zoom

Lauren :)
    $400 15
Mount Everest

Lauren :)
    $400 28
(Stephen: Uh, what is Scandal?)

(Kerry) Washington

IsaacStephen
    $400 29
Rome

Lauren :)
    $400 30
(Harriet) Tubman

Stephen
    $2,000 17
Anne Hathaway

Lauren :)
    $800 7
zucchini

Isaac
    $800 11
Stephen Hawking

Isaac
    $800 1
Rory Gilmore

Lauren :)
    $800 4
(Mayim: Yes, the dreaded BQE.)

Brooklyn

Stephen
    $800 5
Watergate

Lauren :)
    $1200 18
Colin Kaepernick

Lauren :)
    $1200 8
Zephyr

Isaac
    $2,600 12
Silent Spring

Isaac
    $1200 2
(Téa) Leoni

Stephen
    $1200 3
the Caspian Sea

Stephen
    $1200 6
(Charles) Lindbergh

Stephen
    $1600 19
Kim Jong-un

Stephen
    $1600 9
złoty

Isaac
    $1600 13
Prozac Nation

Triple Stumper
    $1600 25
Atypical

Lauren :)
    $1600 21
Nunavut

Isaac
    $1600 23
(Stephen: Who is Fillmore?)

(William) Seward

Lauren :)Stephen
    $2000 27
(Misty) Copeland

Lauren :)
    $2000 10
the Zuni

Triple Stumper
    $2000 14
Malcolm Gladwell

Isaac
    $2000 26
[ERRATUM: "wasn't" was rendered as "wasnt" in the clue.]

American Gods

Stephen
    $2000 22
Libya

Stephen
    $2000 24
(Calvin) Coolidge

Lauren :)

Scores at the end of the Double Jeopardy! Round:

Lauren :) Isaac Stephen
$14,800 $13,000 $9,400

[wagering suggestions for these scores]

Final Jeopardy! Round responses

WORDS FROM MYTHOLOGY
(Mayim: [To Isaac] In mythology, the goddess [*] was the personification of the rainbow.)
StephenWhat is hippcampus eyes
$5,798
IsaacWhat are irises?
$5,801
Lauren :)What are capillaries?
$11,201
iris

Final scores:

Lauren :) Isaac Stephen
$3,599 $18,801 $3,602
3rd place: $20,000 Winner: finalist, if one of 3 top-scoring winners; $35,000 for 4th place 2nd place: $20,000

Game dynamics:

Coryat scores:

Lauren :) Isaac Stephen
$13,600 $11,400 $9,400
20 R
(including 1 DD),
4 W
16 R
(including 2 DDs),
5 W
13 R,
5 W

Combined Coryat: $34,400

[game clues] [game scores] [suggest correction]

Game tape date: 2021-11-23
The J! Archive is created by fans, for fans. Scraping, republication, monetization, and malicious use prohibited; this site may use cookies and collect identifying information. See terms. The Jeopardy! game show and all elements thereof, including but not limited to copyright and trademark thereto, are the property of Jeopardy Productions, Inc. and are protected under law. This website is not affiliated with, sponsored by, or operated by Jeopardy Productions, Inc. Join the discussion at JBoard.tv.